| 000 | 00339nam a2200133Ia 4500 | ||
|---|---|---|---|
| 008 | 220524s9999 xx 000 0 und d | ||
| 041 | _aeng | ||
| 082 | _a746.1 | ||
| 100 |
_aShah K.M. _96706 |
||
| 245 | _aHandbook of Synthetic Dyes and Pigments Vol.2 | ||
| 260 |
_bMulti-tech Publicity Co., _c1998 |
||
| 650 |
_aDyeing _96707 |
||
| 906 | _a641 | ||
| 999 |
_c6986 _d6986 |
||